000 01096cab a2200301 4500
001 ABS47587
008 090401t1992 xxu||||| |||| 00| 0 eng d
035 _a(Sirsi) u62560
041 _aeng
100 _aBrown, G.
245 _aArchitects` hazard warning
260 _c1992
350 _a0
490 _aArchitects` Journal
_v196(20) 18 November 1992, 24-25(2)
520 _aDiscusses the implications for architects of the decision in "E Hobbs (Farms) Ltd v Baxenden Chemical Company". Suggests that architects may now be legally obliged not only to keep up to date with scientific advances in the field of hazardous building materials, but also to alert clients to any potential defects. (see also WB2830-36)
650 _aARCHITECTS
650 _aBUILT ENVIRONMENT-BUILDING MATERIALS
650 _aDEFECTIVE MATERIALS
650 _aFIRE DAMAGE
650 _aHAZARDOUS MATERIALS
650 _aMANUFACTURERS
650 _aNEGLIGENCE
690 _aBUILT ENVIRONMENT-BUILDING STANDARDS
690 _aLAW
700 _aDockeray, J.
942 _n0
948 _c04/03/1997
999 _c38853
_d38853